Top 10 Tallest Mountains In The World - Statistics

General Stats
  • This quiz has been taken 18 times
  • The average score is 3 of 10
Answer Stats
Hint % Correct
China-Pakistan
100%
China-Nepal
44%
Pakistan
31%
India-Nepal
25%
China-Nepal
19%
China-Nepal
19%
Nepal
19%
Nepal
13%
Nepal
6%
China-Nepal
0%
No matching quizzes found
Score Distribution
Percent of People with Each Score
Percentile by Number Answered
Your Score History
You have not taken this quiz